00615nam a2200193Ia 4500008004100000020001400041082001600055100001900071245007700090250000700167260003900174300002900213500001900242600001500261650001500276942000700291952010800298999001500406240925s9999 xx 000 0 und d a273625845 a658.403 WIL aWilson, Martin 4aThe Information Edge: successful management using information technology aNA aLondon:bPitman Publishingc,1997. axxix,832p.bNAfOriginal aIncludes Index aManagement aManagement cBK 001040708MANaUITUbUITUd2000-04-04eNAl0o658.403 WILpQ3391r2024-09-25 07:13:08w2024-09-25yBK c5890d5890